000 06130cam a22019214i 4500
003 PE-LiUPU
005 20250813165853.0
008 150706s2007 mx a r 000 0 spa d
020 _a9789701060582
035 _a(Sirsi) i9789701060582
040 _aPE-LiUPU
_bspa
_cPE-LiUPU
_erda
049 _aPRUA
082 0 4 _a658.4
_bK74
_221
082 0 4 _a658.012
_bK74 2007
100 1 _aKoontz, Harold,
_eautor.
245 1 0 _aElementos de administración :
_bun enfoque internacional /
_cHarold Koontz y Heinz Weihrich.
250 _a7a edición.
264 1 _aMéxico :
_bMcGraw-Hill Interamericana,
_c2007.
300 _a465 páginas :
_bilustraciones ;
_c24 centímetros.
336 _atext
_2rdacontent
337 _aunmediated
_2rdamedia
338 _avolume
_2rdacarrier
505 0 _aLa base de la teoría y la práctica de la administración global -- Administración: ciencia, teoría y práctica -- Administración y sociedad: el ambiente externo, responsabilidad social y ética -- Administración internacional -- Planeación -- Fundamentos de la planeación y la administración por objetivos -- Estrategias, políticas y premisas de la planeación -- Toma de decisiones -- Organización -- La naturaleza de la organización, el espíritu emprendedor y la reingeniería -- Estructura organizacional: departamentalización -- Autoridad del personal de línea y apoyo, atribución de facultades y descentralización -- La organización eficaz y la cultura organizacional -- Administración y selección de los recursos humanos -- Integración de personal -- Evaluación del desempeño y estrategia de carrera -- Administración del cambio a través del desarrollo del administrador y la organización -- Factores humanos y motivación -- Dirección -- Liderazgo -- Toma de decisiones de comités, equipos y grupos -- Comunicación -- El sistema y el proceso del control -- Control -- Técnicas de control y tecnología de la información -- Productividad, administración de operaciones y administración total de la calidad.
526 _aP203
526 _aP200
526 _aSEG65
526 _aSEG64
526 _aSEG63
526 _aSEG62
526 _aSEG61
526 _aSEG60
526 _aSEG59
526 _aSEG58
526 _aSEG57
526 _aSEG56
526 _aSEG55
526 _aSEG54
526 _aSEG53
526 _aSEG52
526 _aSEG51
526 _aSEG50
526 _aSEG49
526 _aSEG48
526 _aSEG47
526 _aSEG46
526 _aSEG24
526 _aSEG23
526 _aSEG22
526 _aSEG21
526 _aSEG20
526 _aSEG19
526 _aSEG18
526 _aSEG17
526 _aSEG16
526 _aSEG14
526 _aSEG13
526 _aSEG12
526 _aSEG11
526 _aSEG10
526 _aSEG09
526 _aSEG06
526 _aSEG05
526 _aSEG04
526 _aSEG03
526 _aSEG02
526 _aSEG68
526 _aSEG66
526 _aSEG45
526 _aSEG25
526 _aSEG01
526 _aP163
526 _aP162
526 _aP161
526 _aP160
526 _aP159
526 _aP158
526 _aP157
526 _aP156
526 _aP155
526 _aP154
526 _aP153
526 _aP152
526 _aP151
526 _aP150
526 _aP149
526 _aP142
526 _aP141
526 _aP140
526 _aP139
526 _aP138
526 _aP137
526 _aP132
526 _aP131
526 _aP130
526 _aP126
526 _aP125
526 _aP124
526 _aP123
526 _aP115
526 _aP122
526 _aP121
526 _aP116
526 _a P114
526 _aP112
526 _aP111
526 _aP104
526 _aP103
526 _aP102
526 _aP101
526 _aP100
526 _aP96
526 _aP95
526 _aP93
526 _aP92
526 _aP91
526 _aP88
526 _aP83
526 _aP82
526 _aP79
526 _aP78
526 _aP75
526 _aP74
526 _aP71
526 _aP69
526 _a P51
526 _aP49
526 _aP48
526 _aP47
526 _aP33
526 _aP31
526 _a P30
526 _aP29
526 _aP27
526 _aP26
526 _aP25
526 _aP24
526 _a P22
526 _aP10
526 _aP09
526 _a P08
526 _aP06
526 _aP05
526 _aP04
526 _aP01
541 _g0001-0035616;
541 _g0001-0035616;
600 1 _aWeihrich, Heinz
600 1 _aGómez Mont, Jaime
600 1 _aDávila Martínez, Francisco Javier
650 0 4 _aAdministración.
_94009
700 1 _aWeihrich, Heinz,
_eautor.
910 _agl
_bjv
_clch
_d20120812
942 _2ddc
_cBOOK
949 _a658.4 K74
_wDEWEY
_c1
_i65186
_lCCODEBUL1
_mBUL
_p30.00
_r0
_sY
_tBOOK
_u2015-7-6
_xFCE
_PP08
_o.STAFF. Colección General
949 _a658.4 K74
_wDEWEY
_c2
_i65187
_lCCODEBUL1
_mBUL
_p30.00
_r0
_sY
_tBOOK
_u2015-7-6
_xFCE
_PP08
_o.STAFF. Colección General
949 _a658.012 K74 2007
_wDEWEY
_c1
_iFJ10056
_lCCODEBUJ1
_mBUJ
_p30.00
_r0
_sY
_tBOOK
_u2018-02-01
_xFCE
_PP04
_o.STAFF. Colección General Juliaca
994 _aC0
_bPEPRU
596 _a1 3
999 _a658.4 K74
_wDEWEY
_c53820
_i65186
_d53820
_e2017-3-20
_f2021-11-8
_g6
_lCCODEBUL1
_mBUL
_n2
_p30.00
_q5
_r0
_sY
_tBOOK
_u2015-7-6
_xFCE
_PP08
_0COMPRA
_o.STAFF. Colección General
999 _a658.4 K74
_wDEWEY
_c2
_i65187
_d2019-10-9
_e2019-10-9
_f2021-11-8
_g6
_lCCODEBUL1
_mBUL
_n4
_p30.00
_q1
_r0
_sY
_tBOOK
_u2015-7-6
_xFCE
_PP08
_0COMPRA
_o.STAFF. Colección General
999 _a658.012 K74 2007
_wDEWEY
_c1
_iFJ10056
_d2019-7-31
_e2018-10-15
_f2022-1-31
_g2
_lCCODEBUJ1
_mBUJ
_n1
_p30.00
_q1
_r0
_sY
_tBOOK
_u2016-6-2
_xFCE
_PP04
_0COMPRA
_o.STAFF. Colección General Juliaca
980 _81
_gALBERTO SANCHEZ Responsable de Automatización